000
00243nam a2200109Ia 4500
008
240625s9999 xx 000 0 und d
041
_a
eng
082
_a
428.2 FOL
100
_a
FOLEY BARBARA H
245
_a
ENGLISH IN ACTION 3
260
_c
2003
999
_c
34146
_d
34146